000
00233nam a2200097Ia 4500
001
1069697
005
20250827001852.0
008
250824s9999 xx 000 0 und d
245
0
_a
SATRANÇ
_c
STEFAN ZWEIG
260
_b
PANAMA YAYINLARI
999
_c
1069697
_d
1069697